00434nam a2200193Ia 4500003000900000008004100009040001300050040001300063041000800076100001300084245002700097250001100124260001600135260000900151300001100160300001000171490005200181490000700233IT-RoPAU120407s9999 xx 000 0 und d aIT-RoPAU cIT-RoPAU aita aMax Born aIl potere della fisica aTorino aBoringhieri c1962 a144 p. c22 cm aBiblioteca di cultura scientifica/serie azzurra v38